000
00291nam a22001217a 4500
008
180115b xxu||||| |||| 00| 0 eng d
041
_a
eng
080
_a
7
100
_a
44
101
_a
ART
245
_a
THE BRITISH FACE A VIEW OF PORTAITURE 1625-1850
_c
COLNAGH
942
_2
udc
_c
BK
999
_c
40271
_d
40271